| 000 -ლიდერი |
| ფიქსირებული სიგრძის საკონტროლო ველი |
01156nam a22002297a 4500 |
| 003 - საკონტროლო ნომრის იდენტიფიკატორი |
| საკონტროლო ველი |
Ge_BSU |
| 005 - ბოლო ოპერაციის თარიღი და დრო |
| საკონტროლო ველი |
20210916131525.0 |
| 008 - ფიქსირებული სიგრძის მონაცემთა ელემენტები - ზოგადი ინფორმაცია |
| ფიქსირებული სიგრძის საკონტროლო ველი |
210916s2021 ge ||||| |||| 00| 0 geo d |
| 020 ## - წიგნის საერთაშორისო სტანდარტული ნომერი |
| International Standard Book Number |
9789941836244 |
| 041 ## - ენის კოდი |
| Language code of text/sound track or separate title |
geo |
| 080 ## - უნივერსალური ათობითი კლასიფიკაციის ინდექსი |
| Universal Decimal Classification number |
004.383.3 დ-15 |
| 100 ## - მთავარი ჩანაწერი - პიროვნების სახელი |
| Personal name |
დავითაძე, ზაზა |
| 9 (RLIN) |
52 |
| 245 ## - ცნობა სათაურის შესახებ |
| Title |
კომპიუტერის ელექტრონული და ლოგიკური საფუძვლები / |
| Statement of responsibility, etc |
ზაზა დავითაძე; რედ. მიხეილ დონაძე; გარეკანის გრაფიკა ანა სურმანიძე. |
| 264 ## - წარმოების, გამოცემის, დისტრიბუციის და სხვა ცნობები |
| გამოცემის, წარმოების, დისტრიბუციის... ადგილი |
ბათუმი, |
| გამოცემის, წარმოების, დისტრიბუციის... თარიღი |
2021. |
| 300 ## - ფიზიკური აღწერა |
| Extent |
126 გვ. |
| Other physical details |
21 სმ. |
| 504 ## - BIBLIOGRAPHY, ETC. NOTE |
| Bibliography, etc |
ბიბლიოგრ. გვ. 126 |
| 653 ## - INDEX TERM--UNCONTROLLED |
| Uncontrolled term |
კომპიუტერული ელექტრონიკა |
| 653 ## - INDEX TERM--UNCONTROLLED |
| Uncontrolled term |
კომპიუტერული ლოგიკა |
| 700 ## - ADDED ENTRY--PERSONAL NAME |
| Personal name |
დონაძე, მიხეილ |
| Relator term |
რედაქტორი |
| 9 (RLIN) |
12496 |
| 700 ## - ADDED ENTRY--PERSONAL NAME |
| Personal name |
სურმანიძე, ანა |
| Relator term |
გარეკანის დიზაინერი |
| 9 (RLIN) |
12497 |
| 942 ## - ADDED ENTRY ELEMENTS (KOHA) |
| Source of classification or shelving scheme |
|
| Koha item type |
წიგნი |